Appointment in her majesty's overseas civil service : and other (Record no. 428723)

000 -LEADER
fixed length control field 00392cam a22001097a 4500
008 - FIXED-LENGTH DATA ELEMENTS--GENERAL INFORMATION
fixed length control field 180718b1957 xxu||||| |||| 00| 0 eng d
082 ## - DEWEY DECIMAL CLASSIFICATION NUMBER
Classification number K32x42 Un3
245 ## - TITLE STATEMENT
Title Appointment in her majesty's overseas civil service : and other
Statement of responsibility, etc. by The Colonial Office, United Kingdom
260 ## - PUBLICATION, DISTRIBUTION, ETC.
Place of publication, distribution, etc. London
Name of publisher, distributor, etc. Her Majesty's Stationery Office
Date of publication, distribution, etc. 1957
300 ## - PHYSICAL DESCRIPTION
Extent 83+p.
700 ## - ADDED ENTRY--PERSONAL NAME
Personal name United Kingdom. The Colonial Office
Holdings
Withdrawn status Lost status Damaged status Not for loan Permanent Location Current Location Date acquired Full call number Barcode Date last seen Price effective from Koha item type
        Indian Institute of Public Administration Indian Institute of Public Administration 2009-12-16 K32x42 Un3 7840 2018-07-21 2018-07-21 Book

Powered by Koha